Nguyễn Đình Chiểu Tuyển chọn và trích dẫn những bài phê bình, bình luận văn học của các nhà văn, nghiên cứu Việt Nam và thế giới

Các bài viết phê bình, bình luận về thơ văn Nguyễn Đình Chiểu; Nghiên cứu về Nguyễn Đình Chiểu với tư cách nhà thơ văn, nhà yêu nước; Phân tích giảng văn một số bài, truyện: Lục Vân Tiên, Chạy Tây...

Wedi'i Gadw mewn:
Manylion Llyfryddiaeth
Fformat: Llyfr
Iaith:Vietnamese
Cyhoeddwyd: Khánh Hoà Nxb. Tổng hợp Khánh Hoà 1991
Pynciau:
Tagiau: Ychwanegu Tag
Dim Tagiau, Byddwch y cyntaf i dagio'r cofnod hwn!
Thư viện lưu trữ: Mạng thư viện Đại học Đà Nẵng
LEADER 01287nam a22003378a 4500
001 000014454
003 10819
005 20120426150412.0
008 120426s1991 b 000 0 vieod
020 |c 3400d00  |d 3000b 
041 0 |a vie 
041 0 |a 9110 
084 |a V5(1)1-4  |b NG527Đ 
245 1 0 |a Nguyễn Đình Chiểu  |b Tuyển chọn và trích dẫn những bài phê bình, bình luận văn học của các nhà văn, nghiên cứu Việt Nam và thế giới  |c Tuyển chọn: Vũ Tiến Quỳnh 
260 |a Khánh Hoà  |b Nxb. Tổng hợp Khánh Hoà  |c 1991 
300 |a 134tr  |c 21cm 
520 |a Các bài viết phê bình, bình luận về thơ văn Nguyễn Đình Chiểu; Nghiên cứu về Nguyễn Đình Chiểu với tư cách nhà thơ văn, nhà yêu nước; Phân tích giảng văn một số bài, truyện: Lục Vân Tiên, Chạy Tây... 
653 |a Nghiên cứu văn học 
653 |a Nhà thơ 
653 |a văn học hiện đại 
653 |a Việt Nam 
653 |a Nguyễn Đình Chiểu 
653 |a nhà văn 
OWN |a LSP 
999 |a From the UDN01 
TYP |a Monograph 
TYP |a Printed language 
980 |a Mạng thư viện Đại học Đà Nẵng